| 000 | 00779cam a22002653a 4500 | ||
|---|---|---|---|
| 001 | 19015 | ||
| 003 | PGUSA | ||
| 005 | 20140828083414.0 | ||
| 008 | 060809s2006||||xxu|||||s|||||000 1 eng d | ||
| 040 |
_aPGUSA _beng |
||
| 042 | _adc | ||
| 050 | 4 | _aPZ | |
| 100 | 1 | _aBancroft, Edith | |
| 245 | 1 | 0 |
_aJane Allen : _bRight Guard _h[electronic resource] / _cEdith Bancroft |
| 260 |
_bProject Gutenberg, _c2006 |
||
| 506 | _aPublic domain in the USA. | ||
| 516 | _aElectronic text | ||
| 653 | _aYoung women -- Juvenile fiction | ||
| 653 | _aCollege students -- Juvenile fiction | ||
| 653 | _aWomen college students -- Juvenile fiction | ||
| 653 | _aBasketball stories | ||
| 830 | 0 |
_aProject Gutenberg _v19015 |
|
| 856 | 4 | 0 | _uhttp://www.gutenberg.org/ebooks/19015 |
| 942 | _cEB | ||
| 999 |
_c248270 _d248270 |
||